000 00296nam a22001457a 4500
008 210511b ||||| |||| 00| 0 eng d
020 _a9780985696191
041 _aeng
080 _a72
082 _a72
100 _a42
101 _aNDE
245 _aBrick House
_cHill,D
942 _2udc
_cBK
999 _c57256
_d57256